Usahawan (Buku 4)

Bibliographic Details
Main Author: Mariam Mohamed Nor
Format: Book
Published: Selangor : Workplace-English Ent. , 2014
Series:Siri gaya berfikir
Subjects:

MARC

LEADER 00000cam a2200000 7i4500
001 0000044493
005 20150101.0
008 150101
020 |a 9671184561 
090 0 0 |a 153.42   |b MAR 
100 0 |a Mariam Mohamed Nor 
245 1 0 |a Usahawan (Buku 4)   |c Mariam Mohamed Nor & Yasser Rahmad 
260 |a Selangor :   |b Workplace-English Ent. ,   |c 2014 
440 |a Siri gaya berfikir 
650 0 |a Creative thinking 
650 0 |a Thought and thinking 
999 |a 0001311187   |b Book   |c Adult Collection   |e Cawangan Tmn. Ungku Tun Aminah 
999 |a 0001311190   |b Book   |c Adult Collection   |e Cawangan Pontian 
999 |a 0001311370   |b Book   |c Adult Collection   |e Perbadanan Perpustakaan Awam Johor 
999 |a 0001311371   |b Book   |c Adult Collection   |e Cawangan AEON Kulaijaya 
999 |a 0001311382   |b Book   |c Adult Collection   |e Cawangan AEON Kulaijaya